000 00824nam a22002297a 4500
003 PILC
005 20160127141826.0
008 140123b xxu||||| |||| 00| 0 eng d
020 _a9780525475064
050 _aPZ 7 .G8233Lo
_b2005
100 _aGreen, John
245 _aLooking for alaska
_cJohn Green
260 _aUnited States :
_bDutton Books,
_c 2006.
300 _a221p. :
_c22 cm.
520 _aSixteen-year-old Miles first year at Culver Creek Preparatory School in Alabama includes good friends and great pranks, but is defined by the search for answers about life and death after a fatal car crash.
650 _aSelf perception- Fiction
650 _aDeath --Fiction
650 _aInterpersonal relations-Fiction
650 _a Boarding schools --Fiction
942 _2lcc
_cBK
999 _c26091
_d26091